000 00964nam a2200241Ia 4500
003 OSt
005 20220926021846.0
006 a|||||r|||| 00| 0
007 ta
008 220923b |||||||| |||| 00| 0 eng d
037 _cGeneral Book
040 _aRTL
_cRTL
_beng
041 _2eng
_aeng
082 _aV1N45,933:8.N74r, L4,23.4 /UN
110 _aUNITED NATIONS, GENERAL ASSEMBLY, OFFICIAL RECORDS: 29th SESSION. GRANTING OF INDEPENDENCE TO COLONIAL COUNTRIES AND PEOPLES (Special Committee on-)
_9326697
245 0 _aReport
260 _aNew York
_bUnited Nations
_c1976
300 _axii, 135p
_ccm.
500 _aSupp. no. 23 (A/9623/Rev. 1); App.: 119-135p
700 _aUNITED NATIONS, GENERAL ASSEMBLY, OFFICIAL RECORDS: 29th SESSION. GRANTING OF INDEPENDENCE TO COLONIAL COUNTRIES AND PEOPLES (Special Committee on-)
_9326698
942 _hV1N45,933:8.N74r, L4,23.4 /UN
_cGB
_2CC
999 _c637838
_d637838